000 00727nam a2200253Ia 4500
003 OSt
005 20221005084457.0
006 a|||||r|||| 00| 0
007 ta
008 221004b |||||||| |||| 00| 0 eng d
020 _a0394583523 (pbk)
024 _a122273
037 _bGift, 27/10/2012,
_cTextual
040 _aCRL
_cCRL
_beng
041 _2eng
_aeng
082 _aX:326, N1
100 _aReich Robert B
_9613336
245 0 _aWork of nations
_b Preparing ourselves for 21st century capitalism
260 _aNew York
_bAlfred A. Knopf USA
_c1991
300 _a331p.
_ccm.
650 _aECONOMICS
942 _hX:326, N1
_cTEXL
_2cc
999 _c992639
_d992639